| 000 | 00506nam a22001697a 4500 | ||
|---|---|---|---|
| 020 | _a9781447122357 | ||
| 082 | _a006.76 ZAI | ||
| 100 | _aZaigham, Mahmood | ||
| 245 | _aCloud computing for enterprise architectures | ||
| 260 |
_aUSA _bSpringer _c2011 |
||
| 300 | _axvii, 327 p. : ill. | ||
| 490 | _aComputer communications and networks. | ||
| 500 | _aIncludes bibliographical references and index. | ||
| 650 | _aIncludes bibliographical references and index. | ||
| 700 | _aHill, Richard | ||
| 942 | _cBK | ||
| 999 |
_c12995 _d12995 |
||